Missa "Laudate Dominum de Coelis" Quatuor Vocum /

Hlavní autor: Lasso, Orlando di, asi 1532-1594
Jazyk: Latina
Vydáno: Ratisbonæ ; Neo Eboraci ; Cincinnati Sumptibus, Chartis et typis Friderici Pustet, 1884
Edice: Musica Divina. Annus primus. Liber Missarum
Fyzický popis: 28 s.
Hudebniny Hudebniny
Uloženo v:
LEADER 00909ncm a22002292a 4500
001 000483438
003 CZ BrMZK
005 20160804143630.0
007 qu
008 000105s1884 gw f lat d
040 |a BOA001  |b cze 
072 7 |a 783  |x Církevní hudba. Duchovní hudba. Náboženská hudba  |2 Konspekt  |9 9 
100 1 |a Lasso, Orlando di,  |d asi 1532-1594  |7 jn20000603669  |4 cmp 
245 1 0 |a Missa "Laudate Dominum de Coelis"  |h [hudebnina] :  |b Quatuor Vocum /  |c auctore Orlando di Lasso 
260 |a Ratisbonæ ;  |a Neo Eboraci ;  |a Cincinnati  |b Sumptibus, Chartis et typis Friderici Pustet,  |c 1884 
300 |a 28 s. 
490 1 |a Musica Divina. Annus primus. Liber Missarum ;  |v 10 
830 0 |a Musica Divina. Annus primus. Liber Missarum 
910 |a BOA001  |b Mus4-0673.599 
990 |a MU 
991 |b 201206 
996 6 |b 2619760619  |c Mus4-0673.599  |l MZK  |r Sklad / do 1 hodiny  |n 2  |w 000483438  |u 000010  |a 1  |e BOA001  |j MZK50  |s P